Państwa katolickie w Europie - Statystyki

Ogólne statystyki
  • Ten quiz został rozwiązany 48 razy
  • Średni wynik to 14 z 18
Statystyki odpowiedzi
# % Państwo % Poprawnych
31.0 m Polska
98%
100 Watykan
95%
45.3 m 77.2 Włochy
93%
30.3 m Hiszpania
91%
20.0 m Niemcy
91%
35.6 m Francja
88%
8.20 m 80.2 Portugalia
81%
88.2 Andora
79%
4.67 m Austria
77%
93.8 San Marino
74%
4.71 m Węgry
74%
5.92 m Belgia
72%
79.0 Chorwacja
67%
82.6 Malta
67%
82.3 Monako
65%
77.2 Litwa
63%
78.8 Liechtenstein
58%
6.16 m Wielka Brytania
58%
Nie znaleziono quizów pasujących do podanych kryteriów
Rozkład punktacji
Procent ludzi z każdym wynikiem
Percentyl według liczby udzielonych odpowiedzi
Twoja historia wyników
Nie rozwiązałeś tego quizu